| 000 | 01171 a2200277 4500 | ||
|---|---|---|---|
| 999 |
_c6143 _d6143 |
||
| 020 | _a9781405161985 (pbk. : alk. paper) | ||
| 020 | _a1405161981 (pbk. : alk. paper) | ||
| 050 | 0 | 0 | _aTT497CAR2008 |
| 100 | 1 | _aCarr, Harold. | |
| 245 | 1 | 0 |
_aCarr and Latham's technology of clothing manufacture / _crevised by David J. Tyler. |
| 250 | _a4th ed. | ||
| 264 |
_aOxford: _bBlackwell, _c2008 |
||
| 300 |
_ax, 330 p., [4] p. of plates : _bill. (some col.) |
||
| 500 | _aincludes index | ||
| 504 | _aIncludes bibliographical references (p. [320]-326) and index. | ||
| 650 | 0 | _aClothing trade. | |
| 650 | 0 | _aSewing. | |
| 650 | 0 | _aDressmaking. | |
| 700 | 1 | _aLatham, Barbara. | |
| 700 | 1 | _aTyler, David J. | |
| 856 | 4 | 2 |
_3Contributor biographical information _uhttp://www.loc.gov/catdir/enhancements/fy0829/2007036941-b.html |
| 856 | 4 | 2 |
_3Publisher description _uhttp://www.loc.gov/catdir/enhancements/fy0829/2007036941-d.html |
| 856 | 4 | 1 |
_3Table of contents only _uhttp://www.loc.gov/catdir/enhancements/fy0829/2007036941-t.html |
| 942 |
_2lcc _cBK _h497 _iCAR _kTT |
||